Normal view MARC view
  • Hari Krishna GL

Entry Corporate Name

Number of records used in: 1

001 - CONTROL NUMBER

  • control field: 212396

003 - CONTROL NUMBER IDENTIFIER

  • control field: OSt

005 - DATE AND TIME OF LATEST TRANSACTION

  • control field: 20250614114755.0

008 - FIXED-LENGTH DATA ELEMENTS

  • fixed length control field: 250614|| aca||aabn | a|a d

040 ## - CATALOGING SOURCE

  • Original cataloging agency: OSt
  • Transcribing agency: OSt

110 ## - HEADING--CORPORATE NAME

  • Corporate name or jurisdiction name as entry element: Hari Krishna GL

670 ## - SOURCE DATA FOUND

  • Source citation: Work cat.: (OSt)366899: Beena MR 212340, Textbook of Nursing Management and Leadership for BSc Nursing Students, 2025